From Gutenberg to the global information infrastructure : access to information in the networked world

Saved in:
Bibliographic Details
Main Author: Borgman, Christine L. 1951-
Format: Book
Language:English
Published: Cambridge : MIT Press, c2000
Series:Digital libraries and electronic publishing
Subjects:
Tags: Add Tag
No Tags, Be the first to tag this record!

MARC

LEADER 00000nam a2200000 i 4500
001 1/67589
008 001212s2000 eng d
020 |a 0-262-52345-0 (pb) 
020 |a 0-262-02473-X (hc: alk. paper) 
035 |l 10075616 
040 |a GR-MY-UA  |b gre  |e aacr 
041 0 |a eng 
082 0 |a 025.524  |2 (21) 
100 1 |a Borgman, Christine L.  |d 1951- 
245 1 0 |a From Gutenberg to the global information infrastructure :  |b access to information in the networked world /  |c Christine L. Borgman 
260 |a Cambridge :   |b MIT Press,   |c c2000 
300 |a xviii, 324 σ.;  |c 24 εκ. 
490 1 |a Digital libraries and electronic publishing 
504 |a Περιλαμβάνει βιβλιογραφία: (σ. [271]-310) και ευρετήριο. 
650 0 0 |a Digital libraries. 
650 0 0 |a Digital libraries  |z United States. 
650 0 0 |a Libraries  |z United States  |x Special collections  |x Electronic information resources. 
650 0 0 |a Libraries  |x Special collections  |x Electronic information resources. 
650 0 0 |a Information superhighway. 
650 0 0 |a Information superhighway  |z United States. 
830 0 |a Digital libraries and electronic publishing 
852 |a INST  |b SYROS  |e 20001212  |h 025.524 BOR  |p 005500001895  |q 005500001895  |t BK  |y 0 
852 |a INST  |b SYROS  |e 20041207  |h 025.524 BOR  |p 005500003914  |q 005500003914  |t BK  |y 0 
901 |a BIBL5-2004-3 
901 |a BIBL5-2000-3 
909 |a Ε  |b 116029 
909 |a Ε  |b 082679 
920 |a ΔΙΕΥΡΥΝΣΗ  |b ΕΠΕΑΕΚ-ΤΜΣΠΣ  |y ΣΥΡΟΣ  |z 2004-10 
922 |a 5ΕΛΗ  |b 200012  |c ΓΡΑΦΙΚΩΝ ΤΕΧΝΩΝ  |d LEADER BOOKS 
970 |a ΚΟΝΤΟΥ  |b ΠΑΡΑΣΚΕΥΗ  |z 2000/12/12